书目信息 |
| 题名: |
激波管技术及其用于燃料点火和燃烧特性研究
|
|
| 作者: | 梁金虎 , 曹雄 著 | |
| 分册: | ||
| 出版信息: | 徐州 中国矿业大学出版社 2020.12 |
|
| 页数: | 217页 | |
| 开本: | 24cm | |
| 丛书名: | ||
| 单 册: | ||
| 中图分类: | O383-33 | |
| 科图分类: | ||
| 主题词: | 激波管--ji bo guan--实验--研究 | |
| 电子资源: | ||
| ISBN: | 978-7-5646-4745-2 | |
| 000 | 01199nam0 2200277 450 | |
| 001 | 0100028728 | |
| 005 | 20211025120159.0 | |
| 010 | @a978-7-5646-4745-2@dCNY40.00 | |
| 100 | @a20210326d2020 em y0chiy50 ea | |
| 101 | 0 | @achi |
| 102 | @aCN@b320000 | |
| 105 | @aa a 000yy | |
| 106 | @ar | |
| 200 | 1 | @a激波管技术及其用于燃料点火和燃烧特性研究@Aji bo guan ji shu ji qi yong yu ran liao dian huo he ran shao te xing yan jiu@f梁金虎, 曹雄著 |
| 210 | @a徐州@c中国矿业大学出版社@d2020.12 | |
| 215 | @a217页@c图@d24cm | |
| 300 | @a国家自然科学基金青年科学基金项目资助 山西省重点研发计划项目资助 | |
| 314 | @a梁金虎, 工学博士, 中共党员, 副教授, 硕士生导师。曹雄, 教授, 博士生导师, 中共党员。 | |
| 320 | @a有书目 | |
| 330 | @a本书首先系统地介绍了激波管的基本原理、实验系统及其使用方法。随后详细地介绍了激波管在气体、液体和固体燃料点火特性以及固体金属燃料燃烧特性实验研究中的应用。最后, 详细介绍了用于碳氢燃料及含能材料高温热分解特性研究的单脉冲激波管实验系统及其工作原理。 | |
| 606 | 0 | @a激波管@Aji bo guan@x实验@x研究 |
| 690 | @aO383-33@v5 | |
| 701 | 0 | @a梁金虎@Aliang jin hu@4著 |
| 701 | 0 | @a曹雄@Acao xiong@4著 |
| 801 | 0 | @aCN@c20210909 |
| 905 | @a河南城建学院图书馆@dO383-33@eL401 | |
| 激波管技术及其用于燃料点火和燃烧特性研究/梁金虎, 曹雄著.-徐州:中国矿业大学出版社,2020.12 |
| 217页:图;24cm |
| 国家自然科学基金青年科学基金项目资助 山西省重点研发计划项目资助 |
| ISBN 978-7-5646-4745-2:CNY40.00 |
| 本书首先系统地介绍了激波管的基本原理、实验系统及其使用方法。随后详细地介绍了激波管在气体、液体和固体燃料点火特性以及固体金属燃料燃烧特性实验研究中的应用。最后, 详细介绍了用于碳氢燃料及含能材料高温热分解特性研究的单脉冲激波管实验系统及其工作原理。 |
| ● |
| 相关链接 |
|
|
|
正题名:激波管技术及其用于燃料点火和燃烧特性研究
索取号:O383-33/L401
 
预约/预借
| 序号 | 登录号 | 条形码 | 馆藏地/架位号 | 状态 | 备注 |
| 1 | 1545903 | 215459037 | 自科库401/401自科库 83排1列1层/ [索取号:O383-33/L401] | 在馆 | |
| 2 | 1545904 | 215459046 | 自科库401/401自科库 83排1列1层/ [索取号:O383-33/L401] | 在馆 |